Euroopan väkirikkaimmat maat - Statistics

General Stats
  • This quiz has been taken 97 times
  • The average score is 3 of 5
Answer Stats
Asukasluku Maa % Correct
84 miljoona Saksa
97%
68 miljoona Ranska
91%
144 miljoona Venäjä
88%
83 miljoona Turkki
51%
69 miljoona Yhdistynyt kuningaskunta
9%
No matching quizzes found
Score Distribution
Percent of People with Each Score
Percentile by Number Answered
Your Score History
You have not taken this quiz